Culture Générale - Série 2617 - Statistiques

Statistiques générales
  • Ce quiz a été pris 103 fois
  • Le résultat moyen est 4 sur 10
Statistiques - réponses
Question Réponse % Correct
Dans quel sport peut-on parler de "birdie" "bogey" et "par" ? golf
92%
Quelle affaire d'espionnage politique a aboutit, en 1974, à la démission de Richard Nixon, alors président des États-Unis ? watergate
84%
Quel député et leader socialiste a été assassiné le 31 juillet 1914 par Raoul Villain ? prénom et nom Jean Jaurès
49%
A qui doit-on dans le poème l'expiation "Waterloo ! Waterloo ! Waterloo ! morne plaine !" ? prénom et nom Victor Hugo
41%
Qui a été Président de la république française de 1871 à 1873 ? prénom et nom Adolphe Thiers
29%
Dans quel département français se trouve la commune de Varennes-en-Argonne où Louis XVI et sa famille furent arrêtés dans leur fuite le 22 juin 1791 ? Meuse
27%
Oiseau rapace - filet de pêche - jeu sportif traditionnel de plein air épervier
24%
Qui incarne Diane de Poitiers dans la série du même nom réalisée par Josée Dayan en septembre 2022 ? prénom et nom Isabelle Adjani
17%
Dans l'ancien empire russe, qui a créé l'Armée rouge en 1918 ? prénom et nom Léon Trotski
14%
La crise politico-économique française survenue en janvier 1934, succédant au décès dans des circonstances mystérieuses de l'escroc s'est appelée "l'affaire .... (du nom de l'escroc) Stavisky
11%
Aucun quiz correspondant
Distribution des résultats
% des personnes avec chaque résultat
Percentile par nombre de réponses
Votre historique - résultats
Vous n’avez pas pris ce quiz